000 00999nam a22002415a 4500
005 20201124142412.0
008 150819s2014 nyua frbd 001 0 eng d
040 _aEG-ScBUE
_beng
_cEG-ScBUE
_dEG-ScBUE
082 0 4 _a332.6322
_bPRI
_222
100 1 _aPring, Martin J.
_938820
245 1 0 _aTechnical Analysis explained :
_bthe successful investor's guide to spotting investment trends and turning points /
_cMartin J. Pring.
250 _35th ed., International ed.
260 _aNew York :
_bMc-Graw Hill Education,
_c2014.
300 _axii, 797 p. :
_bill. ;
_c24 cm.
500 _a"The standard work for this generation of chartists."-Forbes -- Cover page.
500 _a"The guide technicians turn to for answers, tuned up to provide an advantage in today's global economy. -- page 4 of caver.
500 _aIndex : p. 773-797.
500 _aGlossary : p. 761-765.
504 _aBibliography : p. 767-771.
651 _2BUEsh
653 _bBUSADM
_cAugust2015
_cDecember2015
942 _2ddc
999 _c20623
_d20595